00355nam a2200121Ia 4500008004100000041000800041082001800049100001300067245007400080260004100154300000800195500003000203240715s9999 xx 000 0 und d aeng a376 MAN 22403 aMankar S aPracharya,Pradhyapak and Shikshaketar Karmachari: Sevasharti handbook bMs. Atul PublicationaKolhapurc2022 a203 aEducation, Staffing rules